• 首页
  • 本馆介绍
  • 公告通知
  • 最新文献
  • 馆藏检索
  • 电子资源
  • 读者导购
  • 参考咨询
  • 我的图书馆
  • 登录
  • 详细信息显示
  • 放入我的书架
  • 预约/预借图书
  • 作者相关作品
  • 分类相关作品
  • 丛书相关作品
  • 出版社相关作品

书目信息

  • 表格格式
  • 工作单格式
  • 卡片格式
题名:
世界民族音乐
    
 
作者: 胡斌 主编
分册:  
出版信息: 郑州   河南大学出版社  2014.12
页数: 206页
开本: 30cm
丛书名:
单 册:
中图分类: J607.1
科图分类:
主题词: 民族音乐--世界--高等学校--教材
电子资源:
ISBN: 978-7-5649-0983-3
000 00876nam0 2200241 450
001 351723
005 20161017160417.79
010    @a978-7-5649-0983-3@dCNY33.00
100    @a20150505d2014 em y0chiy50 ea
101 0  @achi
102    @aCN@b410000
105    @aa z 000yy
106    @ar
200 1  @a世界民族音乐@f胡斌主编
210    @a郑州@c河南大学出版社@d2014.12
215    @a206页@c图@d30cm
300    @a全国普通高等学校音乐学专业教材/陈家海总主编
330    @a本书按照文化地理区划来安排章节结构,主要介绍了东亚、南亚、东南亚、中亚、北非、黑非洲(撒哈拉沙漠以南的非洲)、欧洲、北美洲、拉丁美洲、大洋洲等地区的音乐,逻辑清晰,同时,书中附有大量图片,有助于学生对教材内容的直观把握。
606 0  @a民族音乐@y世界@x高等学校@j教材
690    @aJ607.1@v5
701  0 @a胡斌@c(音乐,@f1976~)@4主编
801  0 @aCN@bTANGWEI@c20161009
905    @b0896195-9@dJ607.1@e707@f5
    
    世界民族音乐/胡斌主编.-郑州:河南大学出版社,2014.12
    206页:图;30cm
    全国普通高等学校音乐学专业教材/陈家海总主编
    
    ISBN 978-7-5649-0983-3:CNY33.00
    本书按照文化地理区划来安排章节结构,主要介绍了东亚、南亚、东南亚、中亚、北非、黑非洲(撒哈拉沙漠以南的非洲)、欧洲、北美洲、拉丁美洲、大洋洲等地区的音乐,逻辑清晰,同时,书中附有大量图片,有助于学生对教材内容的直观把握。
●
相关链接 在E读中查询图书 在五车中查询图书 在当当中查询图书 在豆瓣中查询图书


正题名:世界民族音乐     索取号:J607.1/707         预约/预借

序号 登录号 条形码 馆藏地/架位号 状态 备注
1 0896195   208961952   第一样本阅览室/ [索取号:J607.1/707] 在馆    
2 0896196   208961961   第一借阅区/ [索取号:J607.1/707] 在馆    
3 0896197   208961970   第一借阅区/ [索取号:J607.1/707] 在馆    
4 0896198   208961989   第一借阅区/ [索取号:J607.1/707] 在馆    
5 0896199   208961998   第一借阅区/ [索取号:J607.1/707] 在馆    
唐山师范学院图书馆 欢迎您!
大连网信软件有限公司© 版权所有